Statistics for Random Countries

Click here to take the quiz!

General Stats

  • This quiz has been taken 118 times
  • The average score is 4 of 15

Answer Stats

Random Country% Correct
United States
93%
France
58%
Finland
35%
South Africa
29%
Democratic Republic of the Congo
25%
Indonesia
24%
Zambia
22%
Republic of the Congo
20%
Fiji
18%
Afghanistan
14%
Serbia
14%
Kuwait
10%
Central African Republic
9%
Panama
8%
Burkina Faso
4%

Score Distribution

Percentile by Number Answered

Percent of People with Each Score

Your Score History

You have not taken this quiz